000
00294nam a22001217a 4500
008
170628b xxu||||| |||| 00| 0 eng d
041
_a
eng
080
_2
6 ED
_a
82
100
_a
21
101
_a
GJL
245
_a
THE NORTON ANTHOLOGY OF AMERICAN LITERATURE
_c
BAYN.N
942
_2
udc
_c
BK
999
_c
19396
_d
19396